000 00472nam a22001817a 4500
003 MPLRDC
005 20220104142529.0
008 210129b ||||| |||| 00| 0 eng d
020 _a7-5001-0015-9
082 _a548 TOF c.2
100 _aALVIN TOFFLER
245 _a未来的冲击
_c孟广均等译
250 _a一版二刷
260 _a
_b中国对外翻译出版公司
_c1985
300 _b
650 _a社会福利; 社会救济
942 _cBK
_o548 TOF c.2
999 _c31631
_d31621